000 00643nam a2200205 a 4500
005 20240426063904.0
008 991125s1988 ag 000 0 spa u
020 _a9505822392
035 _aUPN01000009028
049 _aCG
050 4 _aP95
_bA3.4
100 1 _aAguilar Idáñez, María José
_928676
245 1 0 _aCómo dirigir una asamblea :
_bparticipación eficaz /
_cMaría José Aguilar, Ezequiel Ander-Egg.
260 _aBuenos Aires :
_bHvmanitas:
_bINCASUR,
_c1988.
300 _a54 p.
440 0 _aHvmanitas-Incasur
650 4 _aComunicación oral
_93602
700 1 _aAnder-Egg, Ezequiel,
_d1930-
_ecoaut.
_928724
905 _aLibro
999 _c9028
_d9028